000 00567nam a2200229 a 4500
001 nice12345678
003 IN_TiNIC
005 20260116011451.0
008 070607s1955 para grp 000 0 fre
020 _a
_c100
082 0 0 _a297.4
_bBOU
100 _aBousquet, G H
245 _aIhya Ulum Al-Din
_bghazali Virification Der Science De La Foi
260 _aParis
_bNo Publishers
_c1955
300 _a466p
500 _aincludes index and biblioraphy
650 _aSufism
700 1 _aBousquet, G H
902 _bSRS
942 _cBK
999 _c1803
_d1803